Statistics for Flags of The Caribbean

Click here to take the quiz!

General Stats

  • This quiz has been taken 17 times
  • The average score is 11 of 13

Answer Stats

Answer% Correct
Barbados
94%
Cuba
94%
Jamaica
94%
Antigua and Barbuda
88%
Bahamas
88%
Dominica
88%
Dominican republic
88%
St Kitts and Nevis
88%
St Lucia
88%
Grenada
81%
Haiti
81%
Trinidad and Tobago
81%
St Vincent and the Grenadinnes
69%

Score Distribution

Percentile by Number Answered

Percent of People with Each Score

Your Score History

You have not taken this quiz